000 00375nam a22001697a 4500
005 20260407163309.0
008 160628b xxu||||| |||| 00| 0 eng d
020 _a1-904233-00-7
041 _aeng
082 _a823.92
100 _aWebb, Catherine
_93124
245 _aMirror Dreams
260 _bAtoms
300 _a304
650 _aenglish fiction
_98925
942 _cBK
999 _c4572
_d4570